Normal view
MARC view
Entry Término temático
001 - NÚMERO DE CONTROL
- campo de control: 50419
003 - IDENTIFICADOR DEL NÚMERO DE CONTROL
- campo de control: OSt
005 - FECHA Y HORA DE LA ÚLTIMA TRANSACCIÓN
- campo de control: 20240913111517.0
008 - DATOS DE LONGITUD FIJA
- campo de control de longitud fija: 240913|| aca||aabn | a|a d
040 ## - FUENTE DE LA CATALOGACIÓN
- Centro catalogador/agencia de origen: OSt
- Centro/agencia transcriptor: OSt
150 ## - ENCABEZAMIENTO--TÉRMINO DE MATERIA
- Término de materia o nombre geográfico como elemento de entrada: Productos culinarios
670 ## - FUENTE DE DATOS ENCONTRADOS
- Cita de la fuente: Work cat.: (OSt): Caro Sánchez-La Fuente, Antonio 50418, UF0055: Preelaboración y conservación culinarias /, 2017